đź“– 150 premiers mots "En voiture Simone !" Valognes - Statistiques

Statistiques générales
  • Ce quiz a Ă©tĂ© pris 25 fois
  • Le rĂ©sultat moyen est 51 sur 150
Statistiques - réponses
Mots % Correct
Martine
90%
s'
90%
l'
76%
Ă 
71%
si
71%
en
67%
d'
62%
le
62%
Jacques
57%
la
57%
de
52%
et
52%
Félix !'
52%
les
52%
Elle
48%
elle,
48%
il
48%
Il
48%
sa
48%
un
48%
une
48%
du
43%
ou
43%
pas
43%
Pas
43%
qu'
43%
qui
43%
se
43%
son
43%
- Tu
43%
avait
38%
avec
38%
Avec
38%
ne
38%
quand
38%
te
38%
tes
38%
autres.
33%
bien
33%
ce
33%
dans
33%
dont
33%
ĂŞtre
33%
lui
33%
pour
33%
soir
33%
soir,
33%
toujours
33%
comme
29%
côté
29%
été
29%
femme
29%
plaît.
29%
étaient ...
24%
filles.
24%
genre
24%
mari
24%
réveillon,
24%
agissait
19%
beau
19%
belles-
19%
faire
19%
fallait
19%
faudrait
19%
non.
19%
trouva
19%
Alors,
14%
bains
14%
disputes
14%
enfants,
14%
salle
14%
tiens
14%
très
14%
couple
10%
peur
10%
remarques
10%
temps
10%
déplacées
5%
famille
5%
marques
5%
Noël
5%
nouvelle,
5%
nouvelle
5%
préparer,
5%
rappeler
5%
retrouvèrent
5%
seules
5%
avantageait
0%
bouche
0%
couche
0%
dépasser
0%
dépendait.
0%
entrouverte,
0%
équilibre
0%
image
0%
important
0%
insista
0%
irréprochable,
0%
'Joyeux
0%
limites.
0%
mascara.
0%
miroir,
0%
reflet
0%
regardait
0%
remettant
0%
renvoyait
0%
robe
0%
vérifiant
0%
Aucun quiz correspondant
Distribution des résultats
% des personnes avec chaque résultat
Percentile par nombre de réponses
Votre historique - résultats
Vous n’avez pas pris ce quiz